000 00907nam a22002297a 4500
005 20090728143051.0
008 090728t xxu||||| |||| 00| 0 eng d
010 _aENG-94585
020 _c900.00
035 _aEN-78118
037 _bDBAD / PUB
040 _adpl
_bEnglish
082 _a343.5405
100 _aBissa, Raman
245 _aTTJ year book 2007:
_ba unique yearly digest of ITAT orders published during the year 2006 in: TTJ & ITD /
_cby Raman Bissa [and] Rajesh Kapoor
260 _aJodhpur
_bCurrent Tax Reporter
_c2007
270 _aArchana, 34-Heavy Industrial Area,
_bJodhpur
_e342003
300 _a668p.
_c24cm(Hb)
700 _aKapoor, Rajesh
942 _2ddc
_cEN
_mBIS
_h343.5405
999 _c28738
_d28738